01286nam a22001937a 4500008004100000020001800041050001800059082002000077100004300097245018700140260005300327300004000380500002400420504003200444505052500476650002801001650003401029650002901063161014s2016 mx a|||| |||| 00| 0 spa d a9786076103845 aKGF5402bO775 a345.7205bOr82e1 aOrtíz Ruíz, José Alberto eautor aLa etapa intermedia y la teoría del casob: en el contexto del Código Nacional de Procedimiento Penales : el éxito o el fracaso del Juicio Oralc/ José Alberto Ortíz Ruíz aMéxicob: Flores Editor y Distribuidorc, 2016 axiv, 311 páginasb: ilustraciones aIncluye: Formulario aBibliografía (pp.309-311) aPrincipios generales del sistema acusatorio en la etapa intermedia ¿Qué es la etapa intermedia y por qué es tan importante en el proceso penal acusatorio? Etapa intermedia, los medios de prueba y la teoría del caso Planteamiento de la teoría del caso en la etapa intermedia Investigación del delito y teoría del caso Teoría del caso y las siete preguntas de oro La teoría del delito y su relación la teoría del caso Técnicas de entrevista para el desarrollo de la investigación de campo14aDERECHO PENALzMÉXICO24aPROCEDIMIENTO PENALzMÉXICO24aJUICIOS ORALESzMÉXICO